| 000 | 01214nam a2200349Ia 4500 | ||
|---|---|---|---|
| 003 | OSt | ||
| 005 | 20220912144106.0 | ||
| 006 | a|||||r|||| 00| 0 | ||
| 007 | ta | ||
| 008 | 220909b |||||||| |||| 00| 0 eng d | ||
| 020 | _a9781119189473 (hbk) | ||
| 024 | _a197320 | ||
| 037 | _b3951, 08/03/2017, New India Book Agency | ||
| 037 | _cTextual | ||
| 040 | _beng | ||
| 041 | _aeng | ||
| 082 | _aB33, Q6 | ||
| 100 | _aCorduneaun Constantin | ||
| 245 | 0 | _aFunctional differential equations: advances and applications | |
| 260 |
_aNew Jersey _bJohn Wiley _c2016 |
||
| 300 |
_axv,343p. ill. _ccm |
||
| 490 | _aPure and applied mathematics: a wiley series of texts, monographs and tracts. | ||
| 500 | _aAppendix 281-305p.; Biibliography 307-339p.; Index 341-343p. | ||
| 650 | _a Existence theroy for functional equations | ||
| 650 | _a Neutral functional differential equations | ||
| 650 | _a Stability theory of functinal differential equations | ||
| 650 | _aMathematics | ||
| 700 | _a Li Yizeng | ||
| 700 | _a Mahdavi Mehran | ||
| 942 |
_hB33, Q6 _cTEXL _2CC |
||
| 999 |
_c3026 _d3026 |
||